[Event "SVK-chT2C 2122"]
[Site "Slovakia"]
[Date "2022.04.30"]
[Round "10.5"]
[White "Bukovy, Lubomir"]
[Black "Dibala, Radovan"]
[Result "1/2-1/2"]
[WhiteElo "1792"]
[BlackElo "1892"]
[PlyCount "72"]
[EventDate "2021.10.16"]
[EventType "team-tourn"]
[EventRounds "11"]
[EventCountry "SVK"]
[SourceTitle "EXT 2023"]
[Source "ChessBase"]
[SourceDate "2022.10.05"]
[SourceVersion "1"]
[SourceVersionDate "2022.10.05"]
[SourceQuality "1"]
[WhiteTeam "Kysucke Nove Mesto"]
[BlackTeam "Dunajov III"]
[WhiteTeamCountry "SVK"]
[BlackTeamCountry "SVK"]

1. e4 e6 2. d4 d5 3. Nd2 dxe4 4. Nxe4 Nd7 5. c3 Ngf6 6. Bd3 c5 7. Ne2 Be7 8. 0-0 b6 9. f4 0-0 10. f5 exf5 11. Nxf6+ Nxf6 12. Bxf5 Bxf5 13. Rxf5 cxd4 14. Nxd4 Bc5 15. Be3 Qd7 16. Qf3 Rae8 17. Bf2 Ne4 18. Rd1 Nxf2 19. Qxf2 g6 20. Rf3 f5 21. b4 Bxd4 22. Qxd4 Qxd4+ 23. Rxd4 Re2 24. Rf2 Rfe8 25. Rxe2 Rxe2 26. a4 Kf7 27. Rd7+ Re7 28. Rxe7+ Kxe7 29. Kf2 g5 30. Ke3 Kd6 31. Kd4 h5 32. g3 a6 33. c4 h4 34. gxh4 gxh4 35. b5 axb5 36. cxb5 f4 1/2-1/2

[Event "SVK-chT2C 1415"]
[Site "Slovakia"]
[Date "2014.11.08"]
[Round "3.8"]
[White "Bukovy, Lubomir"]
[Black "Kaniok, Jan"]
[Result "0-1"]
[WhiteElo "1814"]
[BlackElo "1940"]
[PlyCount "86"]
[EventDate "2014.10.11"]
[EventType "team-tourn"]
[EventRounds "11"]
[EventCountry "SVK"]
[SourceTitle "EXT 2016"]
[Source "ChessBase"]
[SourceDate "2015.10.08"]
[SourceVersion "1"]
[SourceVersionDate "2015.10.08"]
[SourceQuality "1"]
[WhiteTeam "Kysucke Nove Mesto"]
[BlackTeam "Dunajov II"]
[WhiteTeamCountry "SVK"]
[BlackTeamCountry "SVK"]

1. e4 c5 2. Na3 d6 3. c3 Nf6 4. Nf3 Bd7 5. e5 dxe5 6. Nxe5 e6 7. g3 Nc6 8. Nxd7 Qxd7 9. Qb3 Be7 10. d3 0-0 11. Be3 Nd5 12. Be2 a6 13. 0-0 b5 14. Rad1 Nxe3 15. fxe3 Bg5 16. Nc2 Rac8 17. Qa3 Qa7 18. d4 Be7 19. b4 cxb4 20. cxb4 a5 21. Bxb5 Nxb4 22. Nxb4 Bxb4 23. Qb2 Rc3 24. Qe2 Rfc8 25. Rf2 Qe7 26. Rdf1 Rc2 27. Qxc2 Rxc2 28. Rxc2 Qg5 29. Rc8+ Bf8 30. Be8 Qxe3+ 31. Kg2 f6 32. Rc7 Bd6 33. Rd7 Qxd4 34. Rf3 Kf8 35. Bf7 Qd2+ 36. Rf2 Qd5+ 37. Kh3 Qe5 38. Rf3 Be7 39. Rb3 Kxf7 40. Rbb7 Qc5 41. Rbc7 Qa3 42. Ra7 f5 43. Rdb7 g5 0-1